फिफ्टी इयर्स ऑफ सायलेन्स (Record no. 1262771)

MARC details
000 -LEADER
fixed length control field 00743nam a2200193Ia 4500
008 - FIXED-LENGTH DATA ELEMENTS--GENERAL INFORMATION
fixed length control field 151121s9999||||xx |||||||||||||| ||und||
082 ## - DEWEY DECIMAL CLASSIFICATION NUMBER
Classification number 920/चांदोर
082 ## - DEWEY DECIMAL CLASSIFICATION NUMBER
Item number HNW-113692
100 ## - MAIN ENTRY--PERSONAL NAME
Personal name चांदोरकर नीला
245 ## - TITLE STATEMENT
Title फिफ्टी इयर्स ऑफ सायलेन्स
260 ## - PUBLICATION, DISTRIBUTION, ETC. (IMPRINT)
Name of publisher, distributor, etc "मेहता पब्लिशिंग हाऊस, पुणे।"
260 ## - PUBLICATION, DISTRIBUTION, ETC. (IMPRINT)
Date of publication, distribution, etc 2013
300 ## - PHYSICAL DESCRIPTION
Extent 217
600 ## - SUBJECT ADDED ENTRY--PERSONAL NAME
Personal name चांदोरकर नीला
630 ## - SUBJECT ADDED ENTRY--UNIFORM TITLE
Uniform title फिफ्टी इयर्स ऑफ सायलेन्स
700 ## - ADDED ENTRY--PERSONAL NAME
Personal name चांदोरकर नीला
730 ## - ADDED ENTRY--UNIFORM TITLE
Uniform title फिफ्टी इयर्स ऑफ सायलेन्स
942 ## - ADDED ENTRY ELEMENTS (KOHA)
Koha item type Book
Holdings
Withdrawn status Lost status Damaged status Not for loan Home library Current library Date acquired Cost, normal purchase price Total Checkouts Full call number Barcode Date last seen Cost, replacement price Price effective from Koha item type
        Hirachand Nemchand Wachanalaya, Solapur Hirachand Nemchand Wachanalaya, Solapur 02/02/2014 270.00   HNW-113692 HNW-113692 11/21/2015 270.00 11/21/2015 Book